| 000 | 00506nam a2200133Ia 4500 | ||
|---|---|---|---|
| 008 | 200910s9999 xx 000 0 und d | ||
| 020 | _a978-026-20-3602-3 | ||
| 100 | _aVickery, Jacqueline Ryan | ||
| 245 |
_cJacqueline Ryan Vickery _aWorried about the wrong things: _byouth, risk and opportunity in the digital world/ |
||
| 260 |
_aQuezon City: _bC and E Publishing, Inc. _c2017 |
||
| 300 |
_axvi, 339 pages _c23 cm. |
||
| 650 | _aInformation society -- United States | ||
| 650 | _aInternet -- safety measures | ||
| 999 |
_c364174 _d364174 |
||